Vista normal
Vista MARC
Entrada Nombre corporativo
Número de registros utilizados en: 15
001 - NÚMERO DE CONTROL
- campo de control: 41205
003 - IDENTIFICADOR DE NÚMERO DE CONTROL
- campo de control: OSt
005 - FECHA Y HORA DE LA ÚLTIMA TRANSACCIÓN
- campo de control: 20260415201650.0
008 - ELEMENTOS DE DATO DE LONGITUD-FIJA
- campo de control de longitud fija: 260415|| aca||aabn | a|a d
040 ## - FUENTE DE CATALOGACIÓN
- Centro catalogador/agencia de origen: OSt
- Centro/agencia transcriptor: OSt
110 ## - ENCABEZAMIENTO-NOMBRE DE ENTIDAD CORPORATIVA
- Nombre de entidad corporativa o nombre de jurisdicción como elemento de entrada: CCOO
- Unidad subordinada: Confederación Sindical
- Unidad subordinada: Secretaría de Juventud
- Sede del congreso/Lugar de la reunión: Secretaría de Juventud
670 ## - FUENTE DE DATOS ENCONTRADOS
- Cita de la fuente: Work cat.: (OSt)13204: CCOO Confederación Sindical Secretaría de Juventud Secretaría de Juventud, Jóvenes :, D.L. 2004